Estudios de Derecho privado en memoria del profesor Nelson Vera Moraga

Збережено в:
Бібліографічні деталі
Інші автори: Céspedes Muñoz, Carlos (Режисер)
Формат: Книга
Мова:Іспанська
Опубліковано: Santiago, Chile Legal Publishing 2019
Предмети:
Теги: Додати тег
Немає тегів, Будьте першим, хто поставить тег для цього запису!

MARC

LEADER 00000cam a2200000 a 4500
001 UCC7993
003 CL-VaPUC
005 20240401121854.0
008 190524e20190000cl |||||||||||||||||spa|d
999 |c 374455  |d 374453 
020 |a 9789564000374 
040 |c Pontificia Universidad Católica de Valparaíso 
082 0 4 |a 346.83 CES 2019  |2 21 
100 0 |a Céspedes Muñoz, Carlos  |e director  |9 602705 
245 1 0 |a Estudios de Derecho privado en memoria del profesor Nelson Vera Moraga 
260 |a Santiago, Chile  |b Legal Publishing  |c 2019 
300 |a 394 páginas 
583 |a last modification  |c 20190524 12:30:00  |k Rodrigo Vera 
650 0 |a Derecho privado  |9 258243 
650 0 |a Familias   |9 255641 
650 7 |a INTERES INDIVIDUAL  |2 CL-VaPUC  |9 602706 
650 0 |a Discriminación   |9 335101 
650 0 |a Derecho contractual  |9 373875 
852 |a BIBDER 
942 |c BK  |2 ddc 
945 |d 20190524 12:30:00  |a dcastane 
952 |0 0  |1 0  |3 erb  |4 0  |6 346_830000000000000_CES_2019  |7 0  |8 A  |9 492990  |a BIBDER  |b BIBDER  |d 2019-05-16  |e 31  |i 5549949  |o 346.83 CES 2019  |p 5549949  |r 2023-01-25  |w 2019-11-24  |y BK  |z Catalogado en:20190524  |k DER